header

The Parametrization of universal grammar (Record no. 125944)

MARC details
000 -LEADER
fixed length control field 01401nam a2200361 a 4500
082 04 - DEWEY DECIMAL CLASSIFICATION NUMBER
Classification number 415
245 04 - TITLE STATEMENT
Title The Parametrization of universal grammar
260 ## - PUBLICATION, DISTRIBUTION, ETC. (IMPRINT)
Place of publication Amsterdam ;
-- Philadelphia :
Name of publisher John Benjamins Pub. Co.,
Year of publication 1993.
300 ## - PHYSICAL DESCRIPTION
Number of Pages xvii, 232 p.
490 1# - SERIES STATEMENT
Series statement Linguistik aktuell,
650 #0 - SUBJECT ADDED ENTRY--TOPICAL TERM
Topical Term Grammar, Comparative and general.
Topical Term Principles and parameters (Linguistics)
700 1# - ADDED ENTRY--PERSONAL NAME
Personal name Fanselow, Gisbert.
856 40 - ELECTRONIC LOCATION AND ACCESS
Uniform Resource Identifier http://site.ebrary.com/lib/rucke/Doc?id=10492653

No items available.

© 2026 Rongo University
Contact us: librarian | system librarian | Rongo university